| 000 | 00440nam a2200169Ia 4500 | ||
|---|---|---|---|
| 003 | OSt | ||
| 005 | 20221213142952.0 | ||
| 008 | 211109s9999||||xx |||||||||||||| ||und|| | ||
| 040 | _cSBCL | ||
| 082 |
_a530.05 _bNIG-P |
||
| 100 | _aNigavekar, A S | ||
| 245 | 0 | _aPHYSICS EDUCATION | |
| 260 |
_bWiley Eastern Limited _aNewdelhi _c1993 |
||
| 630 | _xPOST GRADUATE REFERENCE | ||
| 650 |
_aNatural sciences & mathematics _vPhysics |
||
| 942 | _cBV | ||
| 999 |
_c135281 _d135281 |
||